000 00878nam a2200253Ia 4500
003 OSt
005 20221005104637.0
006 a|||||r|||| 00| 0
007 ta
008 221004b |||||||| |||| 00| 0 hin d
024 _a32091
037 _cTextual
040 _aCRL
_cCRL
_bhin
041 _2hin
_ahin
082 _aO152vI J7, P6
100 _aद्विवेदी, हजारीप्रसाद
245 0 _aहिन्दी साहित्य का आदिकाल
246 _aHindī sāhitya kā ādikāla
260 _aदिल्ली
_bवाणी प्रकाशन भारत
_c2006
300 _a176पृ.
_ccm.
650 _aहिन्दी साहित्य
942 _hO152vI J7, P6
_cTEXL
_2cc
999 _c1013350
_d1013350